| 000 | 00739nam a22002175i 4500 | ||
|---|---|---|---|
| 001 | 169221 | ||
| 003 | ES-MaACL | ||
| 005 | 20230906214030.0 | ||
| 008 | 080822s2005 rou |||| | spa d | ||
| 020 | _a973-731-204-X | ||
| 080 | _a82-992.09"04/14" | ||
| 080 | _a910.4(100)"04/14" | ||
| 100 | 1 |
_aPopeanga, Eugenia. _9138300 |
|
| 245 | 1 | 0 |
_aViajeros medievales y sus relatos / _cEugenia Popeanga. |
| 260 |
_aBucuresti : _bCartea Universitara, _c2005. |
||
| 300 |
_a190 p. ; _c21 cm. |
||
| 500 | _aSelección de artículos y trabajos distribuidos en diversas publicaciones. | ||
| 650 | 1 | 4 |
_aLiteratura de viajes medieval- _xHistoria y crítica. _9138301 |
| 650 | 4 |
_aViajes- _yS.V-XV. _9138302 |
|
| 852 |
_aES-MaACL _jL-29636 _9R.143200 |
||
| 999 |
_c169221 _d169221 |
||